000 01354nam a2200241Ia 4500
003 OSt
005 20200714123037.0
008 191128s1980 ck ad gr 000 0 spa d
040 _aCO-JMCR
_cCO-JMCR
041 0 _aspa
082 1 4 _a330.986 /
_bF986e
_223
110 1 _aColombia. Fundación para la Educación y el Desarrollo
_97190
245 1 0 _aEnsayos sobre historia económica colombiana /
_cFundación para la Educación Superior y el Desarrollo Fedesarrollo
250 _aPrimera edición
260 _aBogotá :
_bFundación para la Educación Superior y el Desarrollo Fedesarrollo,
_c1980.
300 _a242 páginas :
_bgráficos a blanco y negro ;
_c24 cm.
505 0 _aLos esclavos en la gobernación de Popayán 1680-1780: Germán Colmenares -- La producción agrícola en Popayán en el siglo XVIII, según las cuentas de diezmo -- Cambios en el nivel de vida de las clases trabajadoras en la Nueva Granada a finales del siglo XV
520 0 _aEn este volumen se recopilan una serie de ensayos de historia económica colombiana. Todo ellos, utilizando métodos cuantitativos y serie estadística históricas, sugieren interpretaciones originales sobre el desencolcimiento económico del país.
650 1 4 _aEconomía
_vColombia
_97191
650 2 4 _aHistoria
_vColombia
_97192
650 2 4 _aEsclavos
_vColombia
_97193
942 _2ddc
_cBK
999 _c5448
_d5448